000 00777cam a2200265 a 4500
008
020 _a0881679291 (hbk.)
049 _aMAIN
090 _aRE48
_bFRI
100 1 _aFriedlaender, Mitchell H.
245 1 0 _aAllergy and immunology of the eye /
_cMitchell H. Friedlaender.
250 _a2nd ed.
260 _aNew York :
_bRaven Press,
_cc1993.
300 _aix, 337 p. :
_bill. ;
_c27 cm.
500 _aIncludes index.
504 _aIncludes bibliographical references.
650 0 _aEye
_xDiseases
_xImmunological aspects.
650 0 _aAllergy.
650 2 _aHypersensitivity.
907 _a.b10164595
_b26-07-12
_c02-06-05
003
005 20230120204024.0
040 _cNUST
942 _cBOOKS
_kRE48
_mFRI
999 _c115736
_d115736